[Event "Geoagiu Bai Hunedoara op"]
[Site "Geoagiu Bai"]
[Date "2022.10.21"]
[Round "7"]
[White "Manea, Alexandru"]
[Black "Cosma, Ioan"]
[Result "1-0"]
[WhiteElo "2326"]
[BlackElo "2367"]
[PlyCount "97"]
[EventDate "2022.10.16"]
[EventType "swiss"]
[EventRounds "9"]
[EventCountry "ROU"]
[SourceTitle "CBM 210 Extra"]
[Source "ChessBase"]
[SourceDate "2022.11.30"]
[SourceVersion "1"]
[SourceVersionDate "2022.11.30"]
[SourceQuality "1"]

1. e4 e5 2. Ne2 Nf6 3. d4 Nxe4 4. f3 Nd6 5. dxe5 Nf5 6. Bf4 Nc6 7. Qd3 d6 8. exd6 Bxd6 9. Nbc3 0-0 10. 0-0-0 Bxf4+ 11. Nxf4 Qg5 12. Qd2 Nfd4 13. Bd3 Ne6 14. Nfd5 Qxd2+ 15. Rxd2 Ne5 16. Bf5 Nc4 17. Rdd1 c6 18. Ne7+ Kh8 19. Rhe1 Re8 20. Nxc8 Raxc8 21. Re4 Nb6 22. Rde1 Kg8 23. Bxe6 Rxe6 24. Rxe6 fxe6 25. Rxe6 Kf7 26. Re4 Nd7 27. Ra4 a6 28. Rf4+ Ke6 29. Re4+ Kf7 30. Rd4 Ke7 31. Ne4 Rf8 32. Rb4 b5 33. Rd4 h5 34. Kd1 Nf6 35. Nc5 Ra8 36. c4 a5 37. Nd3 bxc4 38. Ne5 Ra6 39. Nxc4 Nd5 40. Re4+ Kf6 41. Kd2 Ra8 42. a3 g5 43. g3 a4 44. Ne5 Ne7 45. Nd7+ Kf7 46. Nc5 Rd8+ 47. Ke2 Nf5 48. Rxa4 Nd4+ 49. Kf2 1-0

[Event "Geoagiu Bai Hunedoara op"]
[Site "Geoagiu Bai"]
[Date "2022.10.18"]
[Round "4"]
[White "Stoleriu, George"]
[Black "Manea, Alexandru"]
[Result "0-1"]
[WhiteElo "2392"]
[BlackElo "2326"]
[PlyCount "98"]
[EventDate "2022.10.16"]
[EventType "swiss"]
[EventRounds "9"]
[EventCountry "ROU"]
[SourceTitle "CBM 210 Extra"]
[Source "ChessBase"]
[SourceDate "2022.11.30"]
[SourceVersion "1"]
[SourceVersionDate "2022.11.30"]
[SourceQuality "1"]

1. e4 c6 2. Nf3 d5 3. d3 dxe4 4. dxe4 Qxd1+ 5. Kxd1 Nd7 6. Ne1 Ngf6 7. f3 Rg8 8. Be3 g5 9. Nd2 g4 10. f4 e5 11. g3 Bc5 12. Ke2 b6 13. f5 a5 14. a4 Ke7 15. Kf2 Bd6 16. Bg2 Ba6 17. Nb3 h5 18. Rd1 Rad8 19. Nd3 c5 20. Nd2 c4 21. Nc1 Nc5 22. Bxc5 Bxc5+ 23. Ke1 Bd4 24. c3 Be3 25. Ke2 Bg5 26. Rhe1 Nd7 27. Nf1 Nc5 28. Ne3 Bxe3 29. Kxe3 Nxa4 30. Rd5 Rxd5 31. exd5 Nxb2 32. f6+ Kd6 33. Rf1 Na4 34. Ne2 Nc5 35. Rf5 Bb7 36. Rxh5 Bxd5 37. Bxd5 Kxd5 38. Nd4 Rg6 39. Nf5 Rxf6 40. Ke2 b5 41. Ne3+ Kd6 42. Nxg4 Rg6 43. Nh6 Ke6 44. Kd2 Ne4+ 45. Kc2 Nd6 46. g4 f6 47. h4 Rg7 48. Kb2 b4 49. g5 f5 0-1

[Event "Geoagiu Bai Hunedoara op"]
[Site "Geoagiu Bai"]
[Date "2022.10.17"]
[Round "2"]
[White "Parligras, Mircea Emilian"]
[Black "Manea, Alexandru"]
[Result "1-0"]
[WhiteElo "2560"]
[BlackElo "2326"]
[PlyCount "81"]
[EventDate "2022.10.16"]
[EventType "swiss"]
[EventRounds "9"]
[EventCountry "ROU"]
[SourceTitle "CBM 210 Extra"]
[Source "ChessBase"]
[SourceDate "2022.11.30"]
[SourceVersion "1"]
[SourceVersionDate "2022.11.30"]
[SourceQuality "1"]

1. d4 d5 2. c4 c6 3. Nf3 Nf6 4. e3 Bf5 5. Nc3 a6 6. Ne5 h6 7. Qb3 Ra7 8. cxd5 cxd5 9. Bd2 e6 10. Rc1 Nbd7 11. Bb5 Bd6 12. Bxd7+ Nxd7 13. Nxd7 Qxd7 14. Na4 e5 15. Nb6 Qd8 16. dxe5 Bxe5 17. Bc3 Bxc3+ 18. Rxc3 0-0 19. Nxd5 Be6 20. Rd3 Qa5+ 21. Ke2 Raa8 22. Rhd1 Kh8 23. a3 Rac8 24. Qb6 Qa4 25. Kf1 Rfd8 26. Rd4 Qc2 27. e4 Rd7 28. Ne3 Rxd4 29. Qxd4 Qb3 30. h3 Kh7 31. Kg1 Rc6 32. Kh2 Qb5 33. f4 f6 34. e5 fxe5 35. Qe4+ Kg8 36. Rd8+ Kf7 37. fxe5 Qb6 38. Qf4+ Kg6 39. Rf8 Kh7 40. Qe4+ g6 41. Rf6 1-0

[Event "ROM-chT"]
[Site "Oradea"]
[Date "2022.09.29"]
[Round "9.3"]
[White "Rogozenco, Dorian"]
[Black "Manea, Alexandru"]
[Result "1/2-1/2"]
[WhiteElo "2438"]
[BlackElo "2326"]
[PlyCount "89"]
[EventDate "2022.09.21"]
[EventType "team-tourn"]
[EventRounds "9"]
[EventCountry "ROU"]
[SourceTitle "EXT 2024"]
[Source "ChessBase"]
[SourceDate "2023.10.10"]
[SourceVersion "1"]
[SourceVersionDate "2023.10.10"]
[SourceQuality "1"]
[WhiteTeam "Timisoara Medicina"]
[BlackTeam "Baia Mare Municipiului"]
[WhiteTeamCountry "ROU"]
[BlackTeamCountry "ROU"]

1. d4 d5 2. c4 c6 3. Nf3 Nf6 4. Qc2 e6 5. Nbd2 Nbd7 6. g3 Be7 7. Bg2 0-0 8. 0-0 b6 9. e4 dxc4 10. Nxc4 Bb7 11. Rd1 c5 12. Nfe5 cxd4 13. Rxd4 Bc5 14. Rd1 Qe7 15. Bg5 Nxe5 16. Nxe5 Rfd8 17. Ng4 h5 18. Nxf6+ gxf6 19. Bh4 Bd4 20. Qe2 Qc5 21. Rxd4 Qxd4 22. Qxh5 Qxb2 23. Rf1 Kf8 24. e5 Bxg2 25. Qh8+ Ke7 26. Qxf6+ Kd7 27. Kxg2 Kc6 28. Qxf7 Qxa2 29. Rc1+ Kb5 30. Kg1 Rac8 31. Rf1 Rd3 32. Bg5 Rc2 33. h4 Rxg3+ 34. Kh2 Qb3 35. Qd7+ Kc4 36. Qxe6+ Kb5 37. Qd7+ Kc4 38. Qc6+ Kd4 39. Qd6+ Kc4 40. Qc7+ Kd3 41. Qd7+ Kc4 42. Qc8+ Kb5 43. Qe8+ Kc4 44. Qf7+ Kb5 45. Qd7+ 1/2-1/2

[Event "ROM-chT"]
[Site "Oradea"]
[Date "2022.09.22"]
[Round "2.2"]
[White "Manea, Alexandru"]
[Black "Ileana, George"]
[Result "0-1"]
[WhiteElo "2326"]
[BlackElo "2301"]
[PlyCount "132"]
[EventDate "2022.09.21"]
[EventType "team-tourn"]
[EventRounds "9"]
[EventCountry "ROU"]
[SourceTitle "EXT 2024"]
[Source "ChessBase"]
[SourceDate "2023.10.10"]
[SourceVersion "1"]
[SourceVersionDate "2023.10.10"]
[SourceQuality "1"]
[WhiteTeam "Baia Mare Municipiului"]
[BlackTeam "Galati Smart"]
[WhiteTeamCountry "ROU"]
[BlackTeamCountry "ROU"]

1. e4 c5 2. Nf3 d6 3. d4 cxd4 4. Nxd4 Nf6 5. f3 e5 6. Nb3 Be6 7. c4 Be7 8. Nc3 0-0 9. Be3 Na6 10. Be2 Rc8 11. Nd5 Nd7 12. 0-0 Bg5 13. Qd2 Bxe3+ 14. Nxe3 Ndc5 15. Rfd1 Nxb3 16. axb3 Qb6 17. Ra3 Nb4 18. Kh1 a5 19. Nc2 Nc6 20. Qe3 Qxe3 21. Nxe3 Rcd8 22. Rd2 g6 23. Kg1 Kg7 24. Bd1 f5 25. Bc2 f4 26. Nd5 Kf7 27. Ra1 g5 28. Kf2 Rg8 29. Bd1 h5 30. Nc7 b6 31. Nb5 Ke7 32. Be2 Rg6 33. Rad1 Bc8 34. Nc7 Be6 35. Nb5 Bf7 36. g3 Nb4 37. Rg1 fxg3+ 38. hxg3 Na6 39. Nc3 Nc5 40. Bd1 Rh8 41. Ke3 Kd8 42. Rh1 Kc7 43. Bc2 Rgh6 44. Nb5+ Kc6 45. Na7+ Kd7 46. Nb5 h4 47. Rhd1 Nb7 48. Nc3 h3 49. Rh2 Nc5 50. Nd5 Bxd5 51. exd5 Kc7 52. Rdh1 b5 53. cxb5 Kb6 54. b4 axb4 55. b3 Kxb5 56. Bf5 Ra8 57. Bxh3 Kb6 58. Bf1 Rxh2 59. Rxh2 Nxb3 60. Ke4 Nc5+ 61. Kf5 b3 62. Bc4 Rf8+ 63. Kxg5 Rxf3 64. g4 Ne4+ 65. Kh6 Kc5 66. Be2 b2 0-1

[Event "ROM-chT"]
[Site "Oradea"]
[Date "2022.09.21"]
[Round "1.4"]
[White "Balla, Tamas Kristof"]
[Black "Manea, Alexandru"]
[Result "1/2-1/2"]
[WhiteElo "2325"]
[BlackElo "2326"]
[PlyCount "67"]
[EventDate "2022.09.21"]
[EventType "team-tourn"]
[EventRounds "9"]
[EventCountry "ROU"]
[SourceTitle "EXT 2024"]
[Source "ChessBase"]
[SourceDate "2023.10.10"]
[SourceVersion "1"]
[SourceVersionDate "2023.10.10"]
[SourceQuality "1"]
[WhiteTeam "Craiova Oltenia"]
[BlackTeam "Baia Mare Municipiului"]
[WhiteTeamCountry "ROU"]
[BlackTeamCountry "ROU"]

1. e4 c5 2. Nf3 e6 3. d4 cxd4 4. Nxd4 Nc6 5. Nb5 d6 6. c4 a6 7. Nd4 Nf6 8. Nc3 Be7 9. Be2 0-0 10. Be3 Rb8 11. f3 d5 12. exd5 exd5 13. Qd2 dxc4 14. Bxc4 Nxd4 15. Qxd4 b5 16. Bb3 Qxd4 17. Bxd4 Bf5 18. Kf2 Rfd8 19. Rhd1 h5 20. Rd2 Kf8 21. Rad1 Rbc8 22. Bb6 Rxd2+ 23. Rxd2 Rc6 24. Be3 Be6 25. Bxe6 Rxe6 26. Nd5 Nxd5 27. Rxd5 g6 28. Ke2 Ke8 29. Kd3 Rc6 30. b3 Rd6 31. Kd4 Rc6 32. Kd3 Rd6 33. Kd4 Rc6 34. Kd3 1/2-1/2

[Event "Miercurea Ciuc GP RO Stage 3"]
[Site "Miercurea Ciuc"]
[Date "2022.08.27"]
[Round "8"]
[White "Manea, Alexandru"]
[Black "Cosma, Elena Luminita"]
[Result "1-0"]
[WhiteElo "2353"]
[BlackElo "2248"]
[PlyCount "95"]
[EventDate "2022.08.20"]
[EventType "swiss"]
[EventRounds "9"]
[EventCountry "ROU"]
[SourceTitle "CBM 209 Extra"]
[Source "ChessBase"]
[SourceDate "2022.09.30"]
[SourceVersion "1"]
[SourceVersionDate "2022.09.30"]
[SourceQuality "1"]

1. e4 e6 2. Nf3 d5 3. exd5 exd5 4. d4 Nc6 5. Bd3 Bd6 6. 0-0 Nge7 7. c3 Bg4 8. Nbd2 Qd7 9. b4 Bf5 10. Nb3 Bxd3 11. Qxd3 Qf5 12. Qxf5 Nxf5 13. Re1+ Nfe7 14. a4 a5 15. b5 Nd8 16. Nc5 b6 17. Nd3 f6 18. h4 Kd7 19. Ra2 Nf7 20. Nfe5+ fxe5 21. dxe5 Raf8 22. exd6 Nxd6 23. Ba3 Nef5 24. Ne5+ Kc8 25. Rd1 Nxh4 26. Rxd5 Rf5 27. Bxd6 cxd6 28. Nc4 Kc7 29. Rd4 Ng6 30. Nxd6 Rf4 31. Ne4 Re8 32. f3 Ne5 33. Re2 Re7 34. Kf2 h6 35. Kg3 g5 36. Red2 Rd7 37. Re2 Rf5 38. Nf2 Nf7 39. Re6 Rxd4 40. cxd4 Nd6 41. Ne4 Nxe4+ 42. fxe4 Rf4 43. d5 Kd7 44. e5 Rd4 45. Rxb6 h5 46. e6+ Ke7 47. Rb7+ Ke8 48. b6 1-0

[Event "Miercurea Ciuc GP RO Stage 3"]
[Site "Miercurea Ciuc"]
[Date "2022.08.26"]
[Round "7"]
[White "Prokofiev, Valentyn"]
[Black "Manea, Alexandru"]
[Result "1/2-1/2"]
[WhiteElo "2279"]
[BlackElo "2353"]
[PlyCount "95"]
[EventDate "2022.08.20"]
[EventType "swiss"]
[EventRounds "9"]
[EventCountry "ROU"]
[SourceTitle "CBM 209 Extra"]
[Source "ChessBase"]
[SourceDate "2022.09.30"]
[SourceVersion "1"]
[SourceVersionDate "2022.09.30"]
[SourceQuality "1"]

1. c4 c6 2. Nf3 d5 3. e3 Nf6 4. Nc3 a6 5. Qc2 g6 6. d4 Bg7 7. Bd3 0-0 8. 0-0 b5 9. b3 Nbd7 10. Bb2 Bb7 11. Rfd1 Re8 12. a3 Qb8 13. Rab1 e6 14. Ne2 Qa7 15. Bc3 Rac8 16. Qb2 Rb8 17. cxb5 cxb5 18. Ba5 Rbc8 19. Rdc1 Ne4 20. Qa2 e5 21. Bxe4 dxe4 22. Nxe5 Nxe5 23. dxe5 Bxe5 24. Bc3 Bxc3 25. Nxc3 Qb6 26. Ne2 Red8 27. Nd4 Qd6 28. Qb2 Qe7 29. Rxc8 Rxc8 30. Rc1 Rxc1+ 31. Qxc1 b4 32. a4 Qd6 33. h3 a5 34. Qc4 Bd5 35. Qc2 h5 36. h4 Kg7 37. g3 Qd8 38. Kg2 Kg8 39. Qc5 Kh7 40. Qc2 Kg8 41. Kh2 Kh7 42. Kg1 Kg8 43. Kg2 Kh7 44. Kf1 Kg8 45. Ke1 Kh7 46. Kf1 Kg8 47. Kg2 Kh7 48. Qc5 1/2-1/2

[Event "Miercurea Ciuc GP RO Stage 3"]
[Site "Miercurea Ciuc"]
[Date "2022.08.22"]
[Round "3"]
[White "Dhulipalla, Bala Chandra Prasad"]
[Black "Manea, Alexandru"]
[Result "1/2-1/2"]
[WhiteElo "2431"]
[BlackElo "2353"]
[PlyCount "45"]
[EventDate "2022.08.20"]
[EventType "swiss"]
[EventRounds "9"]
[EventCountry "ROU"]
[SourceTitle "CBM 209 Extra"]
[Source "ChessBase"]
[SourceDate "2022.09.30"]
[SourceVersion "1"]
[SourceVersionDate "2022.09.30"]
[SourceQuality "1"]

1. d4 d5 2. c4 c6 3. Nf3 Nf6 4. g3 Bf5 5. Nc3 e6 6. Qb3 Qb6 7. c5 Qxb3 8. axb3 Be7 9. Bg2 h6 10. b4 0-0 11. 0-0 a6 12. Bf4 Nbd7 13. Nd2 g5 14. Bc7 Rac8 15. Ba5 Rfe8 16. Na4 Bc2 17. Nc3 Bf8 18. Rac1 Bg6 19. f4 Ng4 20. Rf3 Bg7 21. Nb3 gxf4 22. gxf4 h5 23. e3 1/2-1/2